Παιδαγωγικές διαστάσεις των νέων μέσων : ενίσχυση μιντιακού γραμματισμού και ικανότητας για ένα ασφαλές διαδίκτυο

Αποθηκεύτηκε σε:
Λεπτομέρειες βιβλιογραφικής εγγραφής
Άλλοι συγγραφείς: Σοφός, Λοΐζος (Επιμελητής έκδοσης)
Μορφή: Βιβλίο
Γλώσσα:Greek
Δημοσίευση: Αθήνα : Γρηγόρης, 2009.
Θέματα:
Ετικέτες: Προσθήκη ετικέτας
Δεν υπάρχουν, Καταχωρήστε ετικέτα πρώτοι!

MARC

LEADER 00000cam a2200000 i 4500
001 1/16482
008 111115s2009 gr | ||| |||| ||gre||
020 |a 9789603336044 
035 |l 10111367 
040 |a GR-MyUa  |b gre  |e AACR2 
041 0 |a gre 
082 7 |a 371.334   |2 (22) 
245 0 0 |a Παιδαγωγικές διαστάσεις των νέων μέσων :   |b ενίσχυση μιντιακού γραμματισμού και ικανότητας για ένα ασφαλές διαδίκτυο /   |c επιμέλεια: Σοφός Αλιβίζος. 
260 |a Αθήνα :   |b Γρηγόρης,   |c 2009. 
300 |a 278 σ. :   |b πίν. ;   |c 23 εκ. 
504 |a Περιλαμβάνει βιβλιογραφικές παραπομπές. 
650 0 0 |a Education  |x Data processing. 
650 0 0 |a Education  |x Data processing  |x Study and teaching. 
650 0 0 |a Computer-assisted instruction. 
700 1 |a Σοφός, Λοΐζος,  |e edt 
852 |a INST  |b RHODES  |e 20111115  |h 371.334 ΠΑΙ  |p 005400033814  |q 005400033814  |t BK  |y 0 
852 |a INST  |b RHODES  |c EUDOXUS  |e 20111212  |h 371.334 ΠΑΙ  |p 005400033876  |q 005400033876  |t EDX  |y 0 
852 |a INST  |b RHODES  |c EUDOXUS  |e 20130418  |h 371.334 ΠΑΙ  |p 005400035113  |q 005400035113  |t EDX  |y 0 
852 |a INST  |b RHODES  |c EUDOXUS  |e 20140516  |h 371.334 ΠΑΙ  |p 005400036489  |q 005400036489  |t EDX  |y 0 
852 |a INST  |b RHODES  |c EUDOXUS  |e 20140516  |h 371.334 ΠΑΙ  |p 005400036490  |q 005400036490  |t EDX  |y 0 
852 |a INST  |b SYROS  |c EUDOXUS  |e 20230113  |h 371.334 ΠΑΙ  |p 005500015507  |q 005500015507  |t EDX  |y 0 
901 |a BIBL4-2011-3 
901 |a BIBL4-2013-1 
901 |a BIBL4-2014-2 
920 |a ΕΥΔΟΞΟΣ  |b ΕΠΙΣΤΡΟΦΗ  |y Ρόδος  |z 2011-12 
920 |a ΕΥΔΟΞΟΣ  |b ΕΠΙΣΤΡΟΦΗ  |y Ρόδος  |z 2013-04 
920 |a ΕΥΔΟΞΟΣ  |b ΠΑΡΑΓΓΕΛΙΑ  |y Ρόδος-ΠΤΔΕ  |z 2014-05 
920 |a Εύδοξος  |b Επιστροφή  |y Σύρος  |z 2023-01 
922 |a 4ΕΛΗ 
970 |z 2011/11/15